000 00729cam a2200205 i 4500
005 20251108174605.0
008 250721s2008 jo gr 000 0 ara d
082 1 4 _a153.9
_bع ا م
100 1 _aعامر، طارق عبد الرؤوف
_eمؤلف.
245 1 0 _aالذكاءات المتعددة /
_cتأليف د. طارق عبد الرؤوف عامر، د. ربيع محمد.
260 1 _c.
264 3 1 _aعمان :
_bدار اليازوري للنشر والتوزيع،
_c2008.
300 _a204 صفحة.
650 1 7 _aالذكاا.
650 1 7 _aاختبارات الذكاا
650 1 7 _aالتعلم.
700 1 _aمحمد، ربيع
_eمؤلف.
942 _2ddc
_cBK
999 _c113034
_d113034